Kríza manažmentu

Bibliographic Details
Main Authors: Krištofičová, Dagmar (ain), Demeš, Martin, 1959- (Author, uin)
Format: Article
Language:Slovak
ISSN:1335-4620
Subjects:

MARC

LEADER 00000nab a2200000 a 4500
001 vtls000744359
003 SK-MaSNL
005 20260302192750.0
008 160324c2000 xo 0 slo
015 |a SNBRB2001/01-03427 
035 |a CLN000096195 
040 |a SNKBUCL  |b slo  |c SNKBUCL  |e AACR2 
041 0 |a slo 
044 |a xo  |c SK 
080 |a 338.46(437.6):614.2  |2 1997 
080 |a 614.2(437.6)  |2 1997 
100 1 |a Krištofičová, Dagmar  |4 ain  |9 7033 
245 1 0 |a Kríza manažmentu  |c Dagmar Krištofičová 
650 0 7 |a zdravotníctvo  |z Slovensko  |x reforma  |2 snkbucl  |9 838369 
655 7 |a články z novín a časopisov  |2 snkbucl  |9 267496 
700 1 |a Demeš, Martin,  |d 1959-  |4 aut  |4 uin  |9 110417 
773 0 |x 1335-4620  |t Profit  |g Roč. 8, č. 47 (2000), s. 31-33 
850 |a Slovenská národná knižnica v Martine 
852 |a SNK  |b KIS3GCP 
958 |a SK 
958 |a MI 
958 |a RBX 
999 |c 1442013  |d 1443943